00870cam a22002411 450000100100000000500170001000800410002702000150006804000300008308200190011310000450013224500860017726000420026330000280030549000290033365000240036265000380038670000280042491000330045204900090048595201170049499900170061100001892520200929165902.0750717s1970 gw 000 0 ger  a3499101505 aDO-SdBNPcFMUdOCoLCdDLC a833.914bD965r1 aDurrenmatt, Friedrich,d1921-199094073114aDer Richter und sein Henker; :bRoman. /cFriedrich Durrenmatt ; Karl Staudinger. aReinbek b. Hamburg :bRowohlt,c1970. a116 p. :bil. ;c19 cm.0 aRororo [Taschenbuch] 150 4aNovela suiza913268 4aLiteratura suizaySIGLO XX9329481 aStaudinger, Karl940732 aCatalogación derivada / LC aBNGR 001050718MOaGRbGRcCTd2010-05-20iLF1l0o833.914 D965rp18925-10r2020-06-25w2020-06-25y1ZNo se presta c18443d18443